[Event "AUT-chT2W 1415"]
[Site "Austria"]
[Date "2014.10.10"]
[Round "1.5"]
[White "Wieneroiter, Gerald"]
[Black "Kuess, Mario"]
[Result "1-0"]
[WhiteElo "2155"]
[BlackElo "2035"]
[PlyCount "93"]
[EventDate "2014.10.10"]
[EventType "team-tourn"]
[EventRounds "11"]
[EventCountry "AUT"]
[SourceTitle "EXT 2015"]
[Source "ChessBase"]
[SourceDate "2014.11.20"]
[SourceVersion "1"]
[SourceVersionDate "2014.11.20"]
[SourceQuality "1"]
[WhiteTeam "Bernhard II"]
[BlackTeam "Neumarkt"]
[WhiteTeamCountry "AUT"]
[BlackTeamCountry "AUT"]

1. Nf3 f5 2. c4 Nf6 3. Nc3 e6 4. g3 b6 5. Bg2 Bb7 6. 0-0 Be7 7. d4 Bb4 8. Bd2 Bxc3 9. Bxc3 Ne4 10. Bb4 c5 11. Ba3 d6 12. Nd2 Nd7 13. Nxe4 Bxe4 14. Bxe4 fxe4 15. dxc5 Nxc5 16. Qd4 Qe7 17. b4 Nb7 18. Qxe4 0-0 19. Bb2 Rac8 20. Rac1 Nd8 21. a3 Nc6 22. f4 Qd7 23. Rfd1 Ne7 24. Rd3 d5 25. cxd5 Rxc1+ 26. Bxc1 Nxd5 27. Bb2 Qc6 28. Qe5 Rf6 29. Qd4 Qc2 30. Rd2 Qb1+ 31. Rd1 Qc2 32. Qd2 Qxd2 33. Rxd2 Rf8 34. b5 Rc8 35. e4 Ne3 36. Rd7 Rc2 37. Rxg7+ Kf8 38. Bd4 Rg2+ 39. Kh1 Re2 40. h4 Re1+ 41. Kh2 Nf1+ 42. Kg2 Rxe4 43. Kxf1 Rxd4 44. Rxa7 Rd3 45. Kg2 Rb3 46. a4 h5 47. Ra6 1-0

[Event "Neumarkt am Wallersee op 13th"]
[Site "Neumarkt am Wallersee"]
[Date "2014.08.27"]
[Round "5"]
[White "Kuess, Mario"]
[Black "Emeder, Richard"]
[Result "1/2-1/2"]
[WhiteElo "2045"]
[BlackElo "1149"]
[PlyCount "35"]
[EventDate "2014.08.23"]
[EventType "swiss"]
[EventRounds "9"]
[EventCountry "AUT"]
[SourceTitle "EXT 2016"]
[Source "ChessBase"]
[SourceDate "2015.10.08"]
[SourceVersion "1"]
[SourceVersionDate "2015.10.08"]
[SourceQuality "1"]

1. f4 d5 2. Nf3 Nf6 3. e3 Bg4 4. h3 Be6 5. g4 g6 6. Ne5 Nbd7 7. Nf3 Bg7 8. Nc3 Ne4 9. d4 c6 10. Nxe4 dxe4 11. Ng5 Bd5 12. c4 h6 13. cxd5 hxg5 14. dxc6 bxc6 15. Qc2 gxf4 16. Qxc6 fxe3 17. Bxe3 Rb8 18. Rh2 1/2-1/2

[Event "AUT-chT 1314"]
[Site "Austria"]
[Date "2014.01.31"]
[Round "5.1"]
[White "Leitner, Gerald"]
[Black "Kuess, Mario"]
[Result "1-0"]
[WhiteElo "2194"]
[BlackElo "2058"]
[PlyCount "119"]
[EventDate "2013.12.06"]
[EventType "team-tourn"]
[EventRounds "11"]
[EventCountry "AUT"]
[SourceTitle "CBM 158 Extra"]
[Source "ChessBase"]
[SourceDate "2014.02.28"]
[SourceVersion "1"]
[SourceVersionDate "2014.02.28"]
[SourceQuality "1"]
[WhiteTeam "Tschaturanga"]
[BlackTeam "St Veit/Glan"]
[WhiteTeamCountry "AUT"]
[BlackTeamCountry "AUT"]

1. Nf3 f5 2. c4 Nf6 3. d4 e6 4. g3 d5 5. Bg2 c6 6. 0-0 Bd6 7. b3 Qe7 8. Bb2 b6 9. Qc2 Bb7 10. Ne5 0-0 11. Nd2 Nbd7 12. cxd5 cxd5 13. Rfc1 Rac8 14. Qd1 Ne4 15. Nd3 Qg5 16. Nf3 Qh6 17. Rxc8 Rxc8 18. Rc1 Rxc1 19. Bxc1 Qf6 20. Qc2 Qe7 21. Bf4 Bxf4 22. Nxf4 Qd6 23. Bf1 g5 24. Nd3 Qc6 25. Qxc6 Bxc6 26. Nb4 Bb7 27. e3 Nd6 28. Nxg5 Nf8 29. f3 h6 30. Nh3 Kf7 31. Kf2 a5 32. Nd3 Nd7 33. Ne5+ Nxe5 34. dxe5 Ne8 35. Nf4 Nc7 36. h3 Ba6 37. Bxa6 Nxa6 38. Nd3 Nb8 39. g4 fxg4 40. hxg4 Nc6 41. Kg3 Ne7 42. f4 Kg6 43. Ne1 h5 44. gxh5+ Kxh5 45. Nc2 Nf5+ 46. Kf3 Nh4+ 47. Kf2 Nf5 48. Kf3 Nh4+ 49. Ke2 Nf5 50. Kd3 Kg4 51. Nd4 Ng7 52. Kc3 Kg3 53. a3 Kf2 54. Kd3 Kg3 55. b4 axb4 56. axb4 Kf2 57. e4 dxe4+ 58. Kxe4 Ke1 59. Nxe6 Nxe6 60. f5 1-0

[Event "AUT-chT 1213"]
[Site "Austria"]
[Date "2013.03.21"]
[Round "8.6"]
[White "Koefeler, Christian"]
[Black "Kuess, Mario"]
[Result "1/2-1/2"]
[WhiteElo "2016"]
[BlackElo "2059"]
[PlyCount "65"]
[EventDate "2012.11.02"]
[EventType "team-tourn"]
[EventRounds "11"]
[EventCountry "AUT"]
[SourceTitle "EXT 2014"]
[Source "ChessBase"]
[SourceDate "2013.11.20"]
[SourceVersion "1"]
[SourceVersionDate "2013.11.20"]
[SourceQuality "1"]
[WhiteTeam "Raika Feffernitz"]
[BlackTeam "St Veit"]
[WhiteTeamCountry "AUT"]
[BlackTeamCountry "AUT"]

1. e4 c5 2. c3 d5 3. exd5 Qxd5 4. d4 cxd4 5. Nf3 Nc6 6. cxd4 Bg4 7. Nc3 Qa5 8. Be2 e6 9. 0-0 Nf6 10. Qb3 Qb4 11. Qxb4 Bxb4 12. Be3 0-0 13. h3 Bh5 14. Rac1 a6 15. g4 Bg6 16. Ne5 Nxe5 17. dxe5 Ne4 18. Nxe4 Bxe4 19. a3 Ba5 20. b4 Bd8 21. Bc5 Re8 22. f4 Bc6 23. Bf3 Rc8 24. Bxc6 Rxc6 25. Be3 Bb6 26. Bxb6 Rxb6 27. Rc5 h6 28. Rd1 Rc6 29. Rxc6 bxc6 30. Rc1 Rc8 31. Rc5 Kf8 32. Kf2 Ke7 33. Ke3 1/2-1/2

[Event "AUT-chT2M 0607"]
[Site "Austria"]
[Date "2007.03.31"]
[Round "10.6"]
[White "Woesner, Richard"]
[Black "Kuess, Mario"]
[Result "1/2-1/2"]
[WhiteElo "1986"]
[BlackElo "2138"]
[PlyCount "74"]
[EventDate "2006.10.28"]
[EventType "team-tourn"]
[EventRounds "11"]
[EventCountry "AUT"]
[SourceTitle "EXT 2007"]
[Source "ChessBase"]
[SourceDate "2006.11.23"]
[SourceVersion "1"]
[SourceVersionDate "2006.11.23"]
[SourceQuality "1"]
[WhiteTeam "Sauwald"]
[BlackTeam "St Veit/Glan"]
[WhiteTeamCountry "AUT"]
[BlackTeamCountry "AUT"]

1. e4 d5 2. exd5 Nf6 3. Nc3 Nxd5 4. Be2 Nc6 5. Bf3 Nf6 6. d3 Nd4 7. Be3 Nxf3+ 8. Nxf3 c6 9. Qe2 g6 10. Qd2 h5 11. Bg5 Bg7 12. Nh4 Qd4 13. Qe3 Qxe3+ 14. Bxe3 Nd5 15. Nxd5 cxd5 16. c3 b6 17. 0-0 Ba6 18. Rad1 e5 19. Rfe1 0-0-0 20. d4 e4 21. g3 Bf6 22. Ng2 Be7 23. Rc1 g5 24. Bd2 f5 25. h4 gxh4 26. Nxh4 Bxh4 27. gxh4 Rhg8+ 28. Bg5 Rdf8 29. Kh2 Kd7 30. Rg1 f4 31. Bh6 Rxg1 32. Rxg1 Rf6 33. Rg7+ Kc6 34. Bg5 Rf5 35. Kg2 e3 36. fxe3 fxe3 37. Bxe3 Bf1+ 1/2-1/2

[Event "AUT-chT2M 0607"]
[Site "Austria"]
[Date "2007.03.03"]
[Round "8.6"]
[White "Gueting, Jens"]
[Black "Kuess, Mario"]
[Result "1-0"]
[WhiteElo "2232"]
[BlackElo "2138"]
[PlyCount "55"]
[EventDate "2006.10.28"]
[EventType "team-tourn"]
[EventRounds "11"]
[EventCountry "AUT"]
[SourceTitle "EXT 2007"]
[Source "ChessBase"]
[SourceDate "2006.11.23"]
[SourceVersion "1"]
[SourceVersionDate "2006.11.23"]
[SourceQuality "1"]
[WhiteTeam "Ansfelden"]
[BlackTeam "St Veit/Glan"]
[WhiteTeamCountry "AUT"]
[BlackTeamCountry "AUT"]

1. e4 d5 2. exd5 Nf6 3. Bb5+ Bd7 4. Bc4 b5 5. Bb3 a5 6. a3 Bg4 7. f3 Bc8 8. Nc3 Ba6 9. Nge2 Nbd7 10. Nd4 Nc5 11. Nc6 Qd6 12. Nxa5 Nxb3 13. Nxb3 Nxd5 14. Ne4 Qg6 15. 0-0 e5 16. Re1 Nf4 17. Ng3 0-0-0 18. d3 Ne6 19. Qd2 Nc5 20. Na5 f5 21. b4 Ne6 22. Nc6 Rd5 23. Nxe5 Rxe5 24. Rxe5 Bd6 25. Bb2 Bb7 26. Nxf5 Rf8 27. Nxd6+ cxd6 28. Rxb5 1-0

[Event "AUT-chT2M 0607"]
[Site "Austria"]
[Date "2007.01.26"]
[Round "5.6"]
[White "Poetz, Florian"]
[Black "Kuess, Mario"]
[Result "0-1"]
[WhiteElo "2079"]
[BlackElo "2138"]
[PlyCount "88"]
[EventDate "2006.10.28"]
[EventType "team-tourn"]
[EventRounds "11"]
[EventCountry "AUT"]
[SourceTitle "EXT 2007"]
[Source "ChessBase"]
[SourceDate "2006.11.23"]
[SourceVersion "1"]
[SourceVersionDate "2006.11.23"]
[SourceQuality "1"]
[WhiteTeam "Fuerstenfeld"]
[BlackTeam "St Veit/Glan"]
[WhiteTeamCountry "AUT"]
[BlackTeamCountry "AUT"]

1. e4 d5 2. exd5 Nf6 3. Nf3 Nxd5 4. d4 g6 5. c4 Nb6 6. Nc3 Bg7 7. c5 Nd5 8. Bc4 c6 9. Qb3 0-0 10. 0-0 Nxc3 11. bxc3 b5 12. cxb6 axb6 13. Ng5 e6 14. Ne4 Ba6 15. Bxa6 Rxa6 16. Bg5 Qc7 17. Rfd1 h6 18. Bf6 Qf4 19. Bxg7 Kxg7 20. Nd2 Nd7 21. Nc4 b5 22. Nb2 Rfa8 23. c4 Ra3 24. Qb4 Nf6 25. f3 Qe3+ 26. Kh1 Rxa2 27. Rab1 bxc4 28. Qxc4 Nd5 29. h3 Qf2 30. Qb3 Nf4 31. Rg1 Ne2 32. Rgd1 Nf4 33. Rg1 Qg3 34. Qc2 Rb8 35. d5 Nxh3 36. Rgf1 Nf4 37. dxc6 Rc8 38. Rfc1 Rxc6 39. Qd2 Qh4+ 40. Kg1 Rxc1+ 41. Rxc1 Qg3 42. Qd4+ Kh7 43. Qd2 h5 44. Rc2 Ra1+ 0-1

[Event "St Veit op 25th"]
[Site "St Veit"]
[Date "2006.07.12"]
[Round "5"]
[White "Kuess, Mario"]
[Black "Gebauer, Richard"]
[Result "1-0"]
[WhiteElo "2138"]
[BlackElo "2000"]
[PlyCount "49"]
[EventDate "2006.07.08"]
[EventType "swiss"]
[EventRounds "9"]
[EventCountry "AUT"]
[SourceTitle "CBM 113 Extra"]
[Source "ChessBase"]
[SourceDate "2006.09.14"]
[SourceVersion "1"]
[SourceVersionDate "2006.09.14"]
[SourceQuality "1"]

1. f4 d5 2. Nf3 c5 3. e3 Nc6 4. Bb5 Bd7 5. b3 Nf6 6. Bb2 e6 7. 0-0 Be7 8. d3 0-0 9. Bxc6 Bxc6 10. Ne5 Rc8 11. Nd2 b5 12. Ndf3 Bb7 13. Qe1 Ba6 14. Qg3 c4 15. Nd4 cxd3 16. Ndc6 Qc7 17. Nxe7+ Qxe7 18. cxd3 Rc2 19. Bd4 b4 20. f5 Bb5 21. Ng4 Nh5 22. Nh6+ Kh8 23. Bxg7+ Nxg7 24. f6 Nh5 25. fxe7 1-0

[Event "AUT-chT2M 0506"]
[Site "Austria"]
[Date "2006.03.26"]
[Round "11.5"]
[White "Kuess, Mario"]
[Black "Kratschmer, Heinz"]
[Result "1-0"]
[WhiteElo "2039"]
[BlackElo "2022"]
[PlyCount "57"]
[EventDate "2005.10.08"]
[EventType "team"]
[EventRounds "11"]
[EventCountry "AUT"]
[SourceTitle "EXT 2006"]
[Source "ChessBase"]
[SourceDate "2005.11.24"]
[SourceVersion "1"]
[SourceVersionDate "2005.11.24"]
[SourceQuality "1"]
[WhiteTeam "St Veit/Glan"]
[BlackTeam "Graz Strassenbahn"]
[WhiteTeamCountry "AUT"]
[BlackTeamCountry "AUT"]

1. f4 d5 2. Nf3 g6 3. e3 Bg7 4. Be2 c5 5. 0-0 Nc6 6. d3 Nf6 7. Qe1 0-0 8. Qh4 Qd6 9. Nc3 e5 10. e4 d4 11. Nb5 Qe7 12. fxe5 Ng4 13. Ng5 h5 14. h3 Ngxe5 15. Bxh5 gxh5 16. Qxh5 Rd8 17. Qh7+ Kf8 18. Nxf7 Nxf7 19. Bh6 Qe5 20. Rxf7+ Kxf7 21. Rf1+ Ke8 22. Bxg7 Qe7 23. Qg6+ Kd7 24. Rf7 Qxf7 25. Qxf7+ Ne7 26. Bf6 Re8 27. e5 Kd8 28. Qd5+ Bd7 29. e6 1-0

[Event "AUT-chT2M 0405"]
[Site "Austria"]
[Date "2005.03.06"]
[Round "9.6"]
[White "Kuess, Mario"]
[Black "Stadler, Peter"]
[Result "1/2-1/2"]
[WhiteElo "2151"]
[BlackElo "2183"]
[PlyCount "60"]
[EventDate "2004.10.16"]
[EventType "team-tourn"]
[EventRounds "11"]
[EventCountry "AUT"]
[SourceTitle "EXT 2005"]
[Source "ChessBase"]
[SourceDate "2004.11.15"]
[SourceVersion "1"]
[SourceVersionDate "2004.11.15"]
[SourceQuality "1"]
[WhiteTeam "St Veit/Glan"]
[BlackTeam "St Valentin"]
[WhiteTeamCountry "AUT"]
[BlackTeamCountry "AUT"]

1. f4 g6 2. Nf3 d6 3. e4 c5 4. Nc3 Bg7 5. d3 Nc6 6. Nd5 e6 7. Ne3 Nge7 8. c3 0-0 9. Be2 Rb8 10. 0-0 b5 11. Qe1 f5 12. Qh4 c4 13. exf5 cxd3 14. Bxd3 gxf5 15. g4 Ng6 16. Qxd8 Rxd8 17. gxf5 Nxf4 18. Nd4 Nxd4 19. Rxf4 Nxf5 20. Nxf5 exf5 21. Bxf5 Be5 22. Rg4+ Kf7 23. Bxc8 Rbxc8 24. Be3 Rg8 25. Rxg8 Rxg8+ 26. Kf2 a6 27. Kf3 Ke6 28. Rd1 Rg7 29. Rd2 Rf7+ 30. Kg2 Rf5 1/2-1/2

[Event "AUT-chT2M 0405"]
[Site "Austria"]
[Date "2004.11.27"]
[Round "3.5"]
[White "Aschenbrenner, Robert"]
[Black "Kuess, Mario"]
[Result "1-0"]
[WhiteElo "2242"]
[BlackElo "2151"]
[PlyCount "81"]
[EventDate "2004.10.16"]
[EventType "team-tourn"]
[EventRounds "11"]
[EventCountry "AUT"]
[SourceTitle "EXT 2005"]
[Source "ChessBase"]
[SourceDate "2004.11.15"]
[SourceVersion "1"]
[SourceVersionDate "2004.11.15"]
[SourceQuality "1"]
[WhiteTeam "Trofaiach Niklasdorf"]
[BlackTeam "St Veit/Glan"]
[WhiteTeamCountry "AUT"]
[BlackTeamCountry "AUT"]

1. d4 f5 2. g3 Nf6 3. Bg2 e6 4. Nf3 d5 5. 0-0 Bd6 6. b3 0-0 7. c4 c6 8. Ba3 Bxa3 9. Nxa3 Qa5 10. Nc2 Nbd7 11. Qd3 Ne4 12. Rfc1 b5 13. cxb5 cxb5 14. b4 Qb6 15. Qb3 Bb7 16. e3 g5 17. Nce1 g4 18. Nh4 Nd2 19. Qd1 Nc4 20. Nd3 Qd6 21. Nc5 Bc6 22. Nxd7 Qxd7 23. h3 Qg7 24. Kh2 a5 25. a3 Bd7 26. Bf1 Rfc8 27. Ng2 axb4 28. axb4 Ra4 29. Rxa4 bxa4 30. Nf4 Qh6 31. h4 Bb5 32. Nd3 Qf8 33. Nc5 a3 34. Nxe6 Qxb4 35. Qd3 a2 36. Qxf5 Qb2 37. Qxg4+ Kf7 38. Ng5+ Ke7 39. Qe6+ Kd8 40. Qxd5+ Ke8 41. Qf7+ 1-0

[Event "AUT-chT2M 0304"]
[Site "Austria"]
[Date "2004.01.30"]
[Round "5.6"]
[White "Kuess, Mario"]
[Black "Ertl, Johann"]
[Result "1-0"]
[WhiteElo "2147"]
[BlackElo "2204"]
[PlyCount "99"]
[EventDate "2003.11.08"]
[EventType "team-tourn"]
[EventRounds "11"]
[EventCountry "AUT"]
[SourceTitle "CBM 097 Extra"]
[Source "ChessBase"]
[SourceDate "2004.01.13"]
[SourceVersion "1"]
[SourceVersionDate "2004.01.13"]
[SourceQuality "1"]
[WhiteTeam "St Veit/Glan"]
[BlackTeam "Maria Saal"]
[WhiteTeamCountry "AUT"]
[BlackTeamCountry "AUT"]

1. f4 e5 2. fxe5 d6 3. exd6 Bxd6 4. Nf3 g5 5. g3 g4 6. Nh4 Ne7 7. e4 Ng6 8. Nf5 Bxf5 9. exf5 Ne5 10. Bg2 Nbc6 11. d3 Qf6 12. 0-0 Bc5+ 13. Kh1 0-0-0 14. Nc3 Nd4 15. Ne4 Qb6 16. c3 Ndf3 17. Nxc5 Qxc5 18. d4 Qc6 19. Qe2 Nc4 20. Bxf3 gxf3 21. Qxf3 Qb6 22. b3 Nd6 23. Bg5 Rde8 24. Bf6 Rhg8 25. Be5 Kb8 26. Qd5 Rgf8 27. Rae1 Nc8 28. Bf4 Ne7 29. Qd7 Qc6+ 30. Qxc6 Nxc6 31. f6 Kc8 32. Kg2 Nb8 33. g4 Nd7 34. g5 Rg8 35. Kf3 h6 36. h4 hxg5 37. hxg5 Rh8 38. Kg4 Reg8 39. Kf5 Rh3 40. Re7 Rf8 41. Rfe1 Kd8 42. c4 a5 43. d5 a4 44. b4 Ra3 45. R1e2 Rc3 46. c5 Rc4 47. a3 Rc3 48. Rxd7+ Kxd7 49. Re7+ Kd8 50. Rxc7 1-0

[Event "AUT-chT2S 0102"]
[Site "Austria"]
[Date "2002.03.15"]
[Round "9.6"]
[White "Hatzl, Stefan"]
[Black "Kuess, Mario"]
[Result "1-0"]
[WhiteElo "2097"]
[BlackElo "2164"]
[PlyCount "81"]
[EventDate "2001.11.10"]
[EventType "team"]
[EventRounds "11"]
[EventCountry "AUT"]
[SourceTitle "EXT 2003"]
[Source "ChessBase"]
[SourceDate "2002.11.25"]
[SourceVersion "1"]
[SourceVersionDate "2002.11.25"]
[SourceQuality "1"]

1. e4 d5 2. exd5 Nf6 3. Bb5+ Bd7 4. Bc4 Bg4 5. f3 Bf5 6. Nc3 Nbd7 7. Qe2 Nb6 8. Bb3 Qd7 9. d6 Qxd6 10. Nb5 Qd7 11. Qe5 Rc8 12. Nxa7 Ra8 13. Nb5 Rc8 14. a4 c6 15. Nc3 e6 16. d3 Bd6 17. Qe2 h5 18. Ne4 Be7 19. Qf2 c5 20. a5 Bxe4 21. fxe4 Ng4 22. Qe2 c4 23. dxc4 Ra8 24. c3 Qd6 25. Be3 Nxe3 26. Qxe3 Qc7 27. Qg3 Qxg3+ 28. hxg3 g6 29. Nf3 0-0 30. Ke2 Nd7 31. Bc2 Rfc8 32. Rhd1 Rc7 33. b4 Bf6 34. Rd3 Ne5 35. Nxe5 Bxe5 36. c5 Kg7 37. Rad1 Kf6 38. Rd7 Rac8 39. Rf1+ Kg5 40. Rfxf7 Bxg3 41. Bb3 1-0

[Event "AUT-chT2S 0102"]
[Site "Austria"]
[Date "2002.??.??"]
[Round "6"]
[White "Sandner, Wolfgang"]
[Black "Kuess, Mario"]
[Result "1-0"]
[WhiteElo "2185"]
[BlackElo "2164"]
[PlyCount "75"]
[EventDate "2001.11.10"]
[EventType "team"]
[EventRounds "11"]
[EventCountry "AUT"]
[SourceTitle "EXT 2003"]
[Source "ChessBase"]
[SourceDate "2002.11.25"]
[SourceVersion "1"]
[SourceVersionDate "2002.11.25"]
[SourceQuality "1"]

1. e4 d5 2. exd5 Nf6 3. Nc3 c6 4. dxc6 Nxc6 5. Bb5 e5 6. d3 Bg4 7. Bxc6+ bxc6 8. Nge2 Bb4 9. f3 Be6 10. Bg5 Qb6 11. a3 Be7 12. b3 0-0 13. Na4 Qa5+ 14. Qd2 Qa6 15. 0-0 Rfd8 16. Qe1 h6 17. Bh4 Qb7 18. Nec3 Qc7 19. Bg3 Bd6 20. Ne4 Nxe4 21. fxe4 f6 22. Bf2 Qe7 23. Qc3 Bxa3 24. Rxa3 Qxa3 25. Bc5 Qa2 26. Ra1 Bxb3 27. Rxa2 Bxa2 28. Bb4 Rac8 29. Nc5 Bf7 30. Nb7 Rd7 31. Nd6 Rxd6 32. Bxd6 Be6 33. Qa5 a6 34. Qxa6 Kf7 35. Qb7+ Kg6 36. c4 h5 37. Bc7 c5 38. Qc6 1-0

[Event "AUT-chT2S 9900"]
[Site "Austria"]
[Date "2000.01.23"]
[Round "6.3"]
[White "Peisser, Manfred"]
[Black "Kuess, Mario"]
[Result "1-0"]
[WhiteElo "2114"]
[BlackElo "2150"]
[PlyCount "83"]
[EventDate "1999.10.??"]
[EventType "team"]
[EventRounds "11"]
[EventCountry "AUT"]
[SourceTitle "EXT 2002"]
[Source "ChessBase"]
[SourceDate "2001.11.25"]
[SourceVersion "1"]
[SourceVersionDate "2001.11.25"]
[SourceQuality "1"]

1. d4 Nf6 2. Nf3 g6 3. g3 Bg7 4. Bg2 d6 5. 0-0 0-0 6. b3 Nbd7 7. Bb2 c6 8. c4 Re8 9. Nc3 Qc7 10. e4 e5 11. dxe5 dxe5 12. Qc2 a5 13. Na4 b6 14. Rfe1 Ba6 15. Ba3 Nf8 16. Rad1 c5 17. Bb2 N6d7 18. Nc3 Ne6 19. Nd5 Qc6 20. a4 Nd4 21. Qd3 Rad8 22. Bh3 Nf6 23. Bc1 Qd6 24. Ba3 Nxd5 25. exd5 Qxd5 26. Nxd4 Qxd4 27. Qc2 Qxd1 28. Rxd1 Rd4 29. Bb2 Rxd1+ 30. Qxd1 Bf6 31. Bg2 Rd8 32. Bd5 Kg7 33. Qe1 Re8 34. f4 e4 35. Bxf6+ Kxf6 36. Bxe4 Kg7 37. Qb1 Bc8 38. Kf2 Bg4 39. Bf3 Bf5 40. Qb2+ Kg8 41. g4 Bd7 42. h4 1-0

[Event "AUT-chT2S 9900"]
[Site "Austria"]
[Date "1999.10.10"]
[Round "2.6"]
[White "Kleiser, Gregor"]
[Black "Kuess, Mario"]
[Result "1-0"]
[WhiteElo "2157"]
[BlackElo "2150"]
[PlyCount "57"]
[EventDate "1999.10.??"]
[EventType "team"]
[EventRounds "11"]
[EventCountry "AUT"]
[SourceTitle "EXT 2002"]
[Source "ChessBase"]
[SourceDate "2001.11.25"]
[SourceVersion "1"]
[SourceVersionDate "2001.11.25"]
[SourceQuality "1"]

1. b4 e5 2. Bb2 d6 3. c4 Nf6 4. e3 Be7 5. Nf3 Bg4 6. Be2 c6 7. Nc3 0-0 8. Qc2 Qc7 9. Rc1 Nbd7 10. Bd3 Rfe8 11. h3 Bh5 12. Ng5 Bg6 13. Bxg6 hxg6 14. h4 Rac8 15. h5 gxh5 16. Rxh5 d5 17. Rh3 e4 18. Ke2 Ne5 19. Rch1 Ng6 20. f3 Qd7 21. c5 Qf5 22. f4 Rcd8 23. Ke1 Qg4 24. Ne2 Nd7 25. Rg3 Qf5 26. Nd4 Qf6 27. Qd1 Nxf4 28. exf4 Qxf4 29. Rh8+ 1-0

[Event "Jacques Lemans op 17th"]
[Site "St Veit"]
[Date "1998.07.15"]
[Round "5"]
[White "Kuess, Mario"]
[Black "Neubauer, Anton"]
[Result "1/2-1/2"]
[WhiteElo "2135"]
[BlackElo "2015"]
[PlyCount "52"]
[EventDate "1998.07.11"]
[EventType "swiss"]
[EventRounds "9"]
[EventCountry "AUT"]
[SourceTitle "CBM 065 Extra"]
[Source "ChessBase"]
[SourceDate "1998.09.09"]
[SourceVersion "1"]
[SourceVersionDate "1998.09.09"]
[SourceQuality "1"]

1. f4 d5 2. b3 Nf6 3. Bb2 g6 4. Nf3 Bg4 5. e3 Nbd7 6. d3 Bg7 7. Be2 Bxf3 8. Bxf3 c6 9. 0-0 0-0 10. Nd2 Qc7 11. g3 Rad8 12. Qe2 Rfe8 13. d4 e6 14. g4 Nb6 15. Rac1 c5 16. c4 dxc4 17. dxc5 Qxc5 18. Nxc4 Nxc4 19. Rxc4 Qe7 20. e4 Qd6 21. g5 Nd7 22. e5 Qa6 23. Qc2 Nb6 24. Rc7 Nd5 25. Bxd5 Rxd5 26. Rc1 Red8 1/2-1/2

[Event "Jacques Lemans op 17th"]
[Site "St Veit"]
[Date "1998.07.13"]
[Round "3"]
[White "Kuess, Mario"]
[Black "Krizsany, Laszlo"]
[Result "0-1"]
[WhiteElo "2135"]
[BlackElo "2410"]
[PlyCount "126"]
[EventDate "1998.07.11"]
[EventType "swiss"]
[EventRounds "9"]
[EventCountry "AUT"]
[SourceTitle "CBM 065 Extra"]
[Source "ChessBase"]
[SourceDate "1998.09.09"]
[SourceVersion "1"]
[SourceVersionDate "1998.09.09"]
[SourceQuality "1"]

1. f4 d5 2. Nf3 g6 3. d4 Bg7 4. e3 c5 5. Ne5 Nf6 6. Be2 0-0 7. 0-0 Qc7 8. c3 Bf5 9. Bd3 Bxd3 10. Qxd3 Rd8 11. Nd2 Nbd7 12. Ndf3 Ne4 13. Nxd7 Rxd7 14. Bd2 Rc8 15. Rfc1 e6 16. Ne5 Rdd8 17. Ng4 c4 18. Qe2 b5 19. Nf2 Nd6 20. e4 dxe4 21. Nxe4 Nxe4 22. Qxe4 Rd5 23. Be3 a5 24. a3 Qb7 25. g3 Bf6 26. g4 Rc7 27. Rf1 Re7 28. Bf2 b4 29. axb4 axb4 30. Ra4 Rb5 31. Qxb7 Rexb7 32. Rxb4 Rxb4 33. cxb4 Rxb4 34. Rc1 Be7 35. Rc2 Bd6 36. Be3 f5 37. g5 Kf7 38. Kf2 Ke7 39. Kf3 Kd7 40. h4 Bc7 41. h5 Bb6 42. hxg6 hxg6 43. Bd2 Ra4 44. Bc3 Kd6 45. Rh2 Ba5 46. Bxa5 Rxa5 47. Rh6 Rb5 48. Rxg6 Rb3+ 49. Ke2 Rxb2+ 50. Ke3 Rb3+ 51. Ke2 Kd5 52. Rg8 Ke4 53. Re8 Kd5 54. Kf2 Ra3 55. Rc8 Kxd4 56. Rc6 c3 57. g6 Ra7 58. Rxe6 Rc7 59. Rd6+ Ke4 60. Re6+ Kd5 61. Re5+ Kd4 62. g7 Rxg7 63. Re8 Rc7 0-1

[Event "AUT-chT2S 9798"]
[Site "Austria"]
[Date "1997.11.15"]
[Round "3"]
[White "Sepetavc, Walter"]
[Black "Kuess, Mario"]
[Result "0-1"]
[WhiteElo "2025"]
[BlackElo "2135"]
[PlyCount "124"]
[EventDate "1997.??.??"]
[EventType "team"]
[EventRounds "11"]
[EventCountry "AUT"]
[SourceTitle "EXT 1999"]
[Source "ChessBase"]
[SourceDate "1998.11.16"]
[SourceVersion "1"]
[SourceVersionDate "1998.11.16"]
[SourceQuality "1"]

1. e4 d5 2. exd5 Nf6 3. Bb5+ Bd7 4. Bc4 Bg4 5. f3 Bf5 6. Nc3 c6 7. dxc6 Nxc6 8. Nge2 e5 9. 0-0 Bc5+ 10. Kh1 a6 11. d3 b5 12. Bb3 Nd4 13. Nxd4 Qxd4 14. Bg5 Rd8 15. Qe1 0-0 16. Bxf6 gxf6 17. Ne4 Be7 18. Qh4 Qxb2 19. Nxf6+ Kh8 20. g4 e4 21. gxf5 Bxf6 22. Qxe4 Qxa1 23. Rxa1 Bxa1 24. Qb7 Rg8 25. Qxf7 Bd4 26. h4 Rg1+ 27. Kh2 Rdg8 28. Qc7 Re8 29. Be6 Rg7 30. Qd6 Bf6 31. Qxa6 h6 32. Qxb5 Rd8 33. Bd5 Be5+ 34. Kh1 Rb8 35. Bb7 Bd4 36. Qd5 Bf2 37. f6 Rgxb7 38. f7 Re7 39. Kg2 Ba7 40. Qf5 Kg7 41. h5 Rxf7 42. Qg6+ Kf8 43. Qxh6+ Rg7+ 44. Kf1 Re8 45. d4 Kg8 46. c3 Bb8 47. Qc6 Rf8 48. c4 Bf4 49. Qe6+ Kh7 50. c5 Bg5 51. Qc4 Kh6 52. d5 Rf4 53. Qd3 Kxh5 54. d6 Bf6 55. c6 Bd4 56. c7 Rg1+ 57. Ke2 Rg2+ 58. Kd1 Rg1+ 59. Kc2 Rg2+ 60. Kb3 Rb2+ 61. Ka3 Rb7 62. c8Q Bb2# 0-1